Pays qui commencent par une des voyelles - Statistiques

Statistiques générales
  • Ce quiz a été pris 88 fois
  • Le résultat moyen est 1 sur 6
Statistiques - réponses
Hint Réponse % Correct
Y Yémen
97%
O Oman, Ouganda, Ouzbékistan
4%
U Ukraine, Uruguay
4%
A Afghanistan, Afrique du Sud, Albanie, Algérie, Allemagne, Andorre, Angola, Antigua-et-Barbuda, Arabie Saoudite, Argentine, Arménie, Australie, Autriche, Azerbaïdjan
1%
E Egypte, Emirats arabes unis, Equateur, Erythrée, Espagne, Estonie, Eswatini, Etats-Unis, Ethiopie
1%
I Inde, Indonésie, Iran, Iraq, Irlande, Islande, Israël, italie
1%
Aucun quiz correspondant
Distribution des résultats
% des personnes avec chaque résultat
Percentile par nombre de réponses
Votre historique - résultats
Vous n’avez pas pris ce quiz